000 00667nam a2200229Ia 4500
003 OSt
005 20220923224149.0
006 a|||||r|||| 00| 0
007 ta
008 Pun
024 _a226,886
037 _cTextual
040 _aARTS
_cARTS
_bPun
041 _2Pun
_aPun
082 _aQ.2, 153P0
100 _aਪੰਨੂ, ਹਰਪਾਲ ਸਿੰਘ
_9156315
245 0 _aਭਾਰਤ ਦੇ ਪੁਰਾਤਨ ਧਰਮ
260 _aਪਟਿਆਲਾ
_b ਪਬਲੀਕੇFਨ ਬਿਊਰੋ
_c2000
300 _a191ਪੰ
_ccm.
942 _hQ.2, 153P0
_cTEXL
_2CC
999 _c369649
_d369649